A complete index to the thoughts and teachings of Christ. (Record no. 12761)

000 -LEADER
fixed length control field 00503nam a2200169 a 4500
001 - CONTROL NUMBER
control field :::00010575$&:&@@
003 - CONTROL NUMBER IDENTIFIER
control field OkBaRHE
005 - DATE AND TIME OF LATEST TRANSACTION
control field 20001031113435.0
008 - FIXED-LENGTH DATA ELEMENTS--GENERAL INFORMATION
fixed length control field j 000 0 eng u
040 ## - CATALOGING SOURCE
Transcribing agency
100 1# - MAIN ENTRY--PERSONAL NAME
Personal name Harris, W. S.
245 12 - TITLE STATEMENT
Title A complete index to the thoughts and teachings of Christ.
260 ## - PUBLICATION, DISTRIBUTION, ETC. (IMPRINT)
Place of publication, distribution, etc London
Name of publisher, distributor, etc James Clarke & Co.
300 ## - PHYSICAL DESCRIPTION
Extent 191 p.
942 ## - ADDED ENTRY ELEMENTS (KOHA)
Source of classification or shelving scheme
Koha item type Books
Copies
Damaged status Shelving location Copy number Permanent Location Full call number Koha item type Barcode Lost status Withdrawn status Date last seen Source of classification or shelving scheme Date acquired Not for loan Price effective from
 General Stacks1RHEMA Bible Training CollegeBS 2415 .H33Books10575  2018-03-16 2010-04-14 2010-04-14